Biology / (Record no. 167778)

MARC details
000 -LEADER
fixed length control field 00701nam a22002057a 4500
005 - DATE AND TIME OF LATEST TRANSACTION
control field 20220217120018.0
010 ## - LCCN (DPL NO)
LC control number ENG-126495
020 ## - INTERNATIONAL STANDARD BOOK NUMBER
Terms of availability 295.00
International Standard Book Number 978938519009
035 ## - SYSTEM CONTROL NUMBER
System control number EN-110027
037 ## - SOURCE OF ACQUISITION
Source of stock number/acquisition DBAD/PUB
082 ## - DEWEY DECIMAL CLASSIFICATION NUMBER
Classification number 570
100 ## - MAIN ENTRY--PERSONAL NAME
Personal name Arumugam, Capt.N
245 ## - TITLE STATEMENT
Title Biology /
Statement of responsibility, etc By N. Arumugam, N.R. Laila Banu, T.Selva Mohan
260 ## - PUBLICATION, DISTRIBUTION, ETC. (IMPRINT)
Place of publication, distribution, etc Kanyakumari
Name of publisher, distributor, etc Saras Publication
Date of publication, distribution, etc 2017
270 ## - ADDRESS
City Kanyakumari
Address 114/35GA.R.P.Camp Road , Periavilai, KottarnP.O.,Nagercoil
Postal code 629002
Telephone number 04652265026, 09842123441
Fax number 04652565099
Electronic mail address info@saraspublication.com
300 ## - PHYSICAL DESCRIPTION
Extent 986p.
Dimensions 22cm(pbk)
Other physical details ill
700 ## - ADDED ENTRY--PERSONAL NAME
Personal name Mohan ,T.Selva
700 ## - ADDED ENTRY--PERSONAL NAME
Personal name Banu ,N.R.Laila
942 ## - ADDED ENTRY ELEMENTS (KOHA)
Source of classification or shelving scheme Dewey Decimal Classification
Item type English Books
Classification part 570
Call number suffix ARU
Holdings
Withdrawn status Lost status Not for loan Collection code Home library Current library Date acquired Source of acquisition Cost, normal purchase price Full call number Barcode Copy number Cost, replacement price Koha item type
      Non-fiction Ashok Vihar Ashok Vihar 19/09/2019 DBAD/PUB 295.00 570 ARU EN-110027 1 295.00 English Books

© Delhi Public Library
Hit Counter
free hit counter